The knowledge acquisition for construction site layout planning /
Saved in:
| Main Author: | |
|---|---|
| Format: | Thesis Book |
| Language: | English |
| Published: |
2007.
|
| Subjects: | |
| Tags: |
Add Tag
No Tags, Be the first to tag this record!
|
| LEADER | 01184cam a2200289 a 4500 | ||
|---|---|---|---|
| 001 | u746029 | ||
| 003 | SIRSI | ||
| 005 | 200709250947 | ||
| 008 | 070925s2007 my a t 000 0 eng m | ||
| 040 | |a UMM |d UMJ | ||
| 090 | |a TA7 |b UMP 2007 Eng | ||
| 097 | |a TA7 |b UMP 2007 Eng | ||
| 100 | 1 | |a Eng, Khe Siong. | |
| 245 | 1 | 4 | |a The knowledge acquisition for construction site layout planning / |c Eng Khe Siong. |
| 260 | |c 2007. | ||
| 300 | |a 456 leaves : |b ill. ; |c 30 cm. | ||
| 500 | |a The distribution of constructs and elements and The cluster analysis are accompanied in the envelops at the back of the thesis | ||
| 502 | |a Thesis (Ph.D.) -- Fakulti Kejuruteraan, Universiti Malaya, 2007. | ||
| 504 | |a Bibliography: leaves 233-253. | ||
| 650 | 0 | |a Building sites |x Planning. | |
| 650 | 0 | |a Repertory grid technique. | |
| 650 | 0 | |a Decision support systems. | |
| 710 | 2 | |a Universiti Malaya. |b Fakulti Kejuruteraan. | |
| 900 | |a SK | ||
| 596 | |a 1 7 | ||
| 999 | |a TA7 UMP 2007 ENG |w LC |c 1 |i A513118155 |d 15/4/2023 |e 15/4/2023 |f 28/9/2007 |g 1 |l STACKS |m P01UTAMA |n 6 |r Y |s Y |t TESIS |u 28/9/2007 | ||
| 999 | |a TA7 UMP 2007 ENG |w LC |c 1 |i A513003028 |d 18/8/2008 |f 18/8/2008 |g 2 |l STACKS |m P07JURUTER |r Y |s Y |t TESIS |u 14/8/2008 | ||
